Programming with Pascal and C (Record no. 164108)

MARC details
000 -LEADER
fixed length control field 00353nam a2200145Ia 4500
008 - FIXED-LENGTH DATA ELEMENTS--GENERAL INFORMATION
fixed length control field 231217s9999 xx 000 0 und d
041 ## - LANGUAGE CODE
Language code of text/sound track or separate title English
082 ## - DEWEY DECIMAL CLASSIFICATION NUMBER
Classification number 001.6424PAS VEN R'
100 ## - MAIN ENTRY--PERSONAL NAME
Personal name Venugopal, K RVimala, H S
245 #0 - TITLE STATEMENT
Title Programming with Pascal and C
260 ## - PUBLICATION, DISTRIBUTION, ETC.
Date of publication, distribution, etc. 1994
Name of publisher, distributor, etc. TMH,
300 ## - PHYSICAL DESCRIPTION
Extent xix+1015
650 ## - SUBJECT ADDED ENTRY--TOPICAL TERM
Topical term or geographic name entry element CPascal
942 ## - ADDED ENTRY ELEMENTS (KOHA)
Koha item type Books
Holdings
Date last seen Total checkouts Full call number Accession number Uniform resource identifier Cost, total (INR) price Price effective from Category Lost status Damaged status Department Withdrawn status Home library Current library Entry date Vendor Cost, normal purchase price Grants Billnumber Billdate Currency symbol Conversion rate Discount Old discount Public note Shelving location
26/01/2024   001.6424PAS VEN R' 8488 digital/contents/55884.pdf 76.50 26/01/2024 Books     Central Library   Central Library Central Library 19/02/1996 Mega Books 90.00 CS 688 30/12/1998 RS 1 13.5 15    
26/01/2024   001.6424PAS VEN;1 8489 digital/contents/55884.pdf 76.50 26/01/2024 Books     Library Annex   Central Library Central Library 19/02/1996   90.00 CS 688 30/12/1998 RS 1 13.5 15 Weeded Out 2016 Library Annex

© For any Suggestions or Query, please contact the library staff @ librarian@pes.edu or Phone: +9180 2672 1983/ 2108.